100 Most Valuable Cities in Cities War - Statistics

General Stats
  • This quiz has been taken 165 times
  • The average score is 72 of 100
Answer Stats
# Value Continent Answer % Correct
3,104,675 Europe London
100%
3,084,164 North America New York
99%
3,035,830 Europe Paris
99%
2,940,006 Asia Tokyo
96%
1,766,406 North America Chicago
95%
2,500,399 North America Los Angeles
95%
1,191,345 Europe Moscow
95%
2,861,002 Oceania Sydney
95%
2,630,025 Asia Beijing
94%
1,450,079 Europe Berlin
94%
1,610,392 Europe Madrid
94%
1,623,134 Europe Rome
92%
1,593,793 Europe/Asia Istanbul
91%
1,331,848 North America Toronto
91%
759,564 Europe Amsterdam
90%
1,644,283 Oceania Melbourne
90%
793,721 Europe Oslo
90%
2,454,302 North America San Francisco
90%
1,017,534 Europe Vienna
90%
2,453,200 Asia Shanghai
88%
1,144,440 Europe Warsaw
88%
764,920 Europe Barcelona
87%
1,167,619 South America Buenos Aires
87%
430,141 Europe Athens
86%
623,117 Asia Delhi|New Delhi
86%
1,171,284 North America Mexico City
86%
1,505,254 Europe Milan
86%
1,817,225 Europe Brussels
84%
2,459,502 Asia Hong Kong
84%
1,102,190 Asia Jakarta
84%
1,223,411 South America Sao Paulo
84%
767,131 Europe Copenhagen
83%
830,564 North America Houston
83%
1,150,428 Asia Mumbai
83%
980,052 Europe Munich
83%
1,980,562 Asia Seoul
83%
977,572 Europe Stockholm
83%
1,085,940 North America Washington DC
83%
442,298 Europe Bucharest
82%
818,655 Europe Dublin
82%
678,822 Europe Lisbon
82%
519,432 South America Rio de Janeiro
82%
2,463,258 Asia Singapore
82%
1,188,827 Asia Bangkok
81%
435,425 North America Vancouver
81%
595,552 Europe Budapest
79%
493,868 North America Dallas
79%
1,158,029 North America Miami
79%
464,185 Africa Cairo
78%
705,086 Europe Naples
78%
576,148 Asia Osaka
78%
2,056,250 Asia Dubai
77%
872,717 North America Montreal
77%
489,658 Oceania Perth
77%
1,214,168 Europe Zurich
77%
1,164,695 Europe Marseille
75%
989,922 Europe Prague
75%
483,866 Oceania Auckland
74%
763,473 South America Bogota
74%
459,474 North America Boston
74%
599,013 Africa Johannesburg
74%
1,098,672 Asia Kuala Lumpur
74%
572,530 North America Philadelphia
74%
1,209,214 Europe Frankfurt
73%
598,285 Europe Hamburg
73%
1,208,395 Asia Guangzhou
71%
521,385 South America Santiago
69%
571,556 Oceania Brisbane
68%
507,481 Asia Ho Chi Minh City
68%
523,426 Asia Jerusalem
68%
588,590 Asia Manila
68%
427,170 North America Atlanta
66%
983,683 Asia Riyadh
65%
1,003,414 Asia Taipei
65%
418,829 Asia Hanoi
64%
589,802 Europe Lyon
62%
592,346 Europe Cologne
57%
571,906 North America Phoenix
57%
517,221 North America San Diego
53%
586,598 Europe Turin
53%
422,748 North America Calgary
51%
601,092 Asia Jeddah
49%
891,508 Asia Shenzhen
49%
492,962 Asia Nagoya
48%
956,252 North America San Jose
45%
425,932 Asia Chongqing
44%
461,908 Europe Dusseldorf
44%
468,244 Europe Nice
44%
653,200 Asia Kuwait City
43%
539,495 Asia Doha
42%
655,200 Europe Luxembourg
42%
420,378 Asia Sapporo
40%
561,769 Asia Yangon
39%
854,185 North America Kansas City
38%
447,218 Europe Palermo
34%
581,485 North America San Antonio
30%
419,774 Europe Bergen
27%
500,511 Europe Gothenburg
27%
627,952 Europe Toulouse
27%
805,872 Asia Yokohama
26%
No matching quizzes found
Score Distribution
Percent of People with Each Score
Percentile by Number Answered
Your Score History
You have not taken this quiz